El derecho a no incriminarse
Guardat en:
| Autor principal: | |
|---|---|
| Format: | Llibre |
| Idioma: | espanyol |
| Publicat: |
Pamplona, España
Aranzadi S.A
2015
|
| Col·lecció: | Monografías
|
| Matèries: | |
| Etiquetes: |
Afegir etiqueta
Sense etiquetes, Sigues el primer a etiquetar aquest registre!
|
MARC
| LEADER | 00000cam a2200000 a 4500 | ||
|---|---|---|---|
| 001 | UCC8259 | ||
| 003 | CL-VaPUC | ||
| 005 | 20221102131349.0 | ||
| 008 | 190617e20150000sp |||||||||||||||||spa|d | ||
| 999 | |c 374619 |d 374617 | ||
| 020 | |a 9788447050819. | ||
| 040 | |c Pontificia Universidad Católica de Valparaíso | ||
| 082 | 0 | 4 | |a 347.06 ORM 2015 |2 21 |
| 100 | |a Ormazábal Sánchez, Guillermo |e autor |9 602916 | ||
| 245 | 1 | 3 | |a El derecho a no incriminarse |
| 260 | |a Pamplona, España |b Aranzadi S.A |c 2015 | ||
| 300 | |a 312 páginas | ||
| 440 | |a Monografías |9 856527 | ||
| 583 | |a last modification |c 20190617 11:18:00 |k Rodrigo Vera | ||
| 650 | 7 | |a GARANTIAS DEL IMPUTADO |2 CL-VaPUC |9 584697 | |
| 650 | 0 | |a Derecho procesal civil |9 258071 | |
| 852 | |a BIBDER | ||
| 942 | |c BK |2 ddc | ||
| 945 | |d 20190617 11:18:00 |a dcastane | ||
| 952 | |0 0 |1 0 |3 erb |4 0 |6 347_060000000000000_ORM_2015 |7 0 |8 A |9 493241 |a BIBDER |b BIBDER |d 2019-06-07 |e 2 |g 61992.00 |i 5551560 |l 3 |o 347.06 ORM 2015 |p 5551560 |r 2023-01-25 |s 2020-12-28 |v 61992.00 |w 2019-11-24 |y BK |z Catalogado en:20190617 |k DER | ||